LEADER 02756nam 2200469 450 001 9910554807903321 005 20211009133913.0 010 $a1-119-54070-4 010 $a1-119-54069-0 010 $a1-119-54068-2 035 $a(CKB)4100000011248661 035 $a(MiAaPQ)EBC6516138 035 $a(Au-PeEL)EBL6516138 035 $a(OCoLC)1243544408 035 $a(EXLCZ)994100000011248661 100 $a20211009d2021 uy 0 101 0 $aeng 135 $aurcnu|||||||| 200 00$aPet-specific care for the veterinary team /$fedited by Lowell Ackerman 210 1$aHoboken, New Jersey :$cJohn Wiley & Sons, Incorporated,$d[2021] 210 4$dİ2021 215 $a1 online resource (xxv, 1077 pages) $cillustrations (some color) 300 $aOnline resource; title from digital title page (viewed on August 14, 2021). 320 $aIncludes bibliographical references and index 327 $aOverview -- Concepts & Prospects -- Hereditary Considerations -- Non-Hereditary Considerations -- Client Service Considerations -- Pet-Specific Considerations -- Hospital Considerations -- Hospital Team Considerations -- Medical Management Considerations -- Practice Management Consideration 330 $a"Pet-Specific Care for Veterinary Teams offers practical guidance to identifying risk factors in pets and tailoring veterinary care to the specific patient. The book provides concrete guidance on accurately assessing risks and using this information to effectively and efficiently prevent, detect, and treat disease. The principles discussed in the book help to improve pet health and offer increased revenue streams for veterinary practices. In addition to chapters providing background on this philosophy, management essentials, and training information, the heart of the book is devoted to aiding veterinarians in determining the risks for a given patient and devising care plans. Hereditary, breed, age, gender, and exposure considerations are all covered. Pet-Specific Care for Veterinary Teams is a transformational resource for veterinarians, veterinary technicians, and practice managers to offer their patients a new level of care"-- ?c Provided by publisher 606 $aAnimals$xDiseases$xprevention & control 606 $aVeterinary therapeutics 606 $aVeterinary medicine 608 $aElectronic books. 615 0$aAnimals$xDiseases$xprevention & control. 615 0$aVeterinary therapeutics. 615 0$aVeterinary medicine. 676 $a636.0896 702 $aAckerman$b Lowell J. 801 0$bMiAaPQ 801 1$bMiAaPQ 801 2$bMiAaPQ 906 $aBOOK 912 $a9910554807903321 996 $aPet-specific care for the veterinary team$92820316 997 $aUNINA